La investigación de la fecundidad en Costa Rica a través de encuestas -documento descriptivo-
Gardado en:
| Autor Corporativo: | |
|---|---|
| Formato: | Texto |
| Publicado: |
San José:
MEIC. DGEC. Sección publicaciones
|
| Etiquetas: |
Engadir etiqueta
Sen Etiquetas, Sexa o primeiro en etiquetar este rexistro!
|
MARC
| LEADER | 00000 a a2200000 04500 | ||
|---|---|---|---|
| 001 | 16819 | ||
| 003 | |||
| 040 | |||
| 090 | |a 004700 | ||
| 110 | |a Costa Rica. Ministerio de Economía, Industria y Comercio. Dirección General de Estadística y Censos | ||
| 245 | |a La investigación de la fecundidad en Costa Rica a través de encuestas -documento descriptivo- | ||
| 260 | |a San José: |b MEIC. DGEC. Sección publicaciones | ||
| 300 | |a 28 p. | ||
| 999 | |c 2300 |d 2300 | ||
